Statistics for Lil Tecca Charting Songs (Billboard Hot 100)

Click here to take the quiz!

General Stats

  • This quiz has been taken 229 times
    (59 since last reset)
  • The average score is 6 of 12

Answer Stats

AlbumWeeks OnPeakArtist(s)Song% Correct
We Love You Tecca31 Weeks#4Lil TeccaRan$om
100%
Tec20 Weeks#51Lil Tecca500lbs
68%
We Love You Tecca1 Week#97Lil TeccaLove Me
52%
We Love You Tecca 23 Weeks#80Lil Tecca & GunnaRepeat It
52%
We Love You Tecca7 Weeks#64Lil TeccaDid It Again
48%
Tec1 Week#88Lil Tecca & Kodak BlackHvn On Earth
48%
Virgo World1 Week#80Lil Tecca ft. Lil Uzi VertDolly
42%
We Love You Tecca 22 Weeks#56Lil TeccaNever Left
39%
Internet Money Album4 Weeks#96Internet Money, Lil Tecca & A Boogie wit da HoodieSomebody
32%
We Love You Tecca1 Week#84Lil TeccaShots
29%
We Love You Tecca1 Week#80Lil TeccaOut of Luck
26%
Virgo World1 Week#90Lil Tecca ft. Polo G & Lil DurkWhen You Down
23%

Score Distribution

Percentile by Number Answered

Percent of People with Each Score

Your Score History

You have not taken this quiz since the last reset